| 000 | 00849nam a22002177a 4500 | ||
|---|---|---|---|
| 005 | 20180305112458.0 | ||
| 010 | _a1617EN ENG-116868 | ||
| 020 |
_a9788183231664 _c695.00 |
||
| 035 | _aB-652703-736 | ||
| 035 | _aB-667646 | ||
| 035 | _aEN-100400 | ||
| 037 |
_adpl _bKKP |
||
| 082 | _a000 | ||
| 245 | _aSSC combined graduate level (CGL) tier-I exam / | ||
| 260 |
_aNew Delhi _bExcel Books _c2016 |
||
| 270 |
_aE-77. South Ext. Part-I, _bNew Delhi _e110049 |
||
| 300 |
_axiii,879p. _c27cm(pbk) |
||
| 942 |
_2ddc _cEN _mSSC _h000 |
||
| 999 |
_c102601 _d102601 |
||